Titres de chansons de Daniel Balavoine - Clic Quiz - Statistiques

Statistiques générales
  • Ce quiz a été pris 168 fois
  • Le résultat moyen est 16 sur 18
Statistiques - réponses
Hint Réponse % Correct
Je ne suis pas un Héros
98%
Sauver l' Amour
97%
La vie ne m'apprend Rien
97%
Quand on arrive en Ville
97%
Mon fils ma Bataille
96%
Le Chanteur
96%
Tous les cris les S.O.S
96%
Dieu que c'est Beau
95%
Vivre ou Survivre
95%
Aimer est plus fort que d'être Aimé
94%
Pour la femme veuve qui S'éveille
94%
Vendeurs de Larmes
91%
L' Aziza
88%
Lipstick Polychrome
87%
Les petits Lolos
85%
Lady Marlène
84%
Partir avant les Miens
83%
Petite Angèle
77%
Aucun quiz correspondant
Distribution des résultats
% des personnes avec chaque résultat
Percentile par nombre de réponses
Votre historique - résultats
Vous n’avez pas pris ce quiz